Ilegalidad aparente o violación permanente (Registro nro. 164652)
[ vista simple ]
| 000 -LEADER | |
|---|---|
| fixed length control field | 01273nam a22002657a 4500 |
| 007 - PHYSICAL DESCRIPTION FIXED FIELD--GENERAL INFORMATION | |
| fixed length control field | cr|||| ||u| |
| 008 - FIXED-LENGTH DATA ELEMENTS--GENERAL INFORMATION | |
| fixed length control field | 161121s2015 Ck |||||o|||| 001 0 Spa d |
| 020 ## - INTERNATIONAL STANDARD BOOK NUMBER | |
| International Standard Book Number | 978-958-738-642-4 |
| 035 ## - | |
| -- | 14553 |
| 040 ## - CATALOGING SOURCE | |
| Original cataloging agency | vLex |
| 090 ## - | |
| -- | 6400 |
| -- | 6400 |
| 100 1# - MAIN ENTRY--PERSONAL NAME | |
| Personal name | Varela Pezzano, Eduardo Secondo |
| 245 1# - TITLE STATEMENT | |
| Title | Ilegalidad aparente o violación permanente |
| Medium | [Recurso electrónico] : |
| Remainder of title | los derechos de autor y las tecnologías P2P / |
| Statement of responsibility, etc | Eduardo Secondo Varela Pezzano, Édgar Iván León Robayo. |
| 256 ## - | |
| -- | Servicio en línea |
| 260 ## - PUBLICATION, DISTRIBUTION, ETC. (IMPRINT) | |
| Place of publication, distribution, etc | Colombia: |
| Name of publisher, distributor, etc | Editorial Universidad de Rosario, |
| Date of publication, distribution, etc | 2015. |
| 300 ## - PHYSICAL DESCRIPTION | |
| Extent | 1 Recurso electrónico |
| 506 1# - RESTRICTIONS ON ACCESS NOTE | |
| Terms governing access | Disponible en los productos indicados |
| Authorized users | vLex Global |
| -- | vLex Global (Academic Edition, excluding Law Schools) |
| -- | vLex Global (U.S. Academic Edition, Law Schools) |
| -- | vLex Global (U.S. Academic Edition, excluding Law Schools) |
| -- | vLex Global (Academic Edition, Law Schools) |
| 650 04 - SUBJECT ADDED ENTRY--TOPICAL TERM | |
| Topical term or geographic name as entry element | Propiedad intelectual |
| Geographic subdivision | Colombia |
| 650 04 - SUBJECT ADDED ENTRY--TOPICAL TERM | |
| Topical term or geographic name as entry element | Derecho civil |
| Geographic subdivision | Colombia |
| 700 1# - ADDED ENTRY--PERSONAL NAME | |
| Personal name | León Robayo, Édgar Iván |
| 740 0# - | |
| -- | vLex libros (servicio en línea) |
| 856 40 - LOCALIZACIÓN Y ACCESO ELECTRÓNICO | |
| Identificador Uniforme del Recurso (URI/URL) | https://app.vlex.com/#/sources/ilegalidad-aparente-o-violacion-permanente-los-derechos-de-autor-y-las-tecnologias-p2p-14553 |
| 942 ## - | |
| -- | RAA |
| 999 ## - | |
| -- | 164652 |
| -- | 164652 |
No hay ítems disponibles.